000 01459nam a2200241 a 4500
001 000002693
005 20200929150235.0
008 090703s1993 dr a 000 0 spa d
040 _aDO-SdBNP
_bspa
_cBNPHU
082 _a336.26
_bC587t
100 1 _aClander, Luis Antonio
_98499
245 1 4 _aLas técnicas de aduana en la República Dominicana /
_cLuis Antonio Clander.
260 _aSanto Domingo :
_bSoto Castillo,
_c1993.
300 _a398 p. :
_bil. ;
_c21 cm.
500 _aIncluye referencias bibliográficas y notas al pie de las páginas.
504 _aBibliografía: p. 395-398
505 0 _aGeneralidades -- Reseña histórica de la aduana en la República Dominicana -- Régimen legal que sustenta las operaciones aduaneras -- Apectos que rigen el tratamiento aduanero de las importaciones -- El costo de adquisición como factor primordial en la gravación del impuesto -- Distinto procedimientos que fundamentan el desaduanamiento de las importaciones -- Exoneración del impuesto de una mercancia importada -- Compañias mineras y compañias aseguradoras -- Relaciones comerciales internacionales -- Las exportaciones -- Concluciones y recomendaciones -- Apéndices -- Bibliografía y entrevistas.
590 _aInventariado, 2018/LP
650 4 _aPolítica arancelaria
_98500
650 4 _aAduana
_zRepùblica Dominicana
_98501
650 4 _aAranceles de aduana
_zRepública Dominicana
_98502
910 _aValidado. Control de calidad BNPHU
999 _c2529
_d2529